Works to churches (Record no. 65734)

MARC details
000 -LEADER
fixed length control field 01379cam a2200217 4500
001 - CONTROL NUMBER
control field ABS63334
008 - FIXED-LENGTH DATA ELEMENTS--GENERAL INFORMATION
fixed length control field 000000n2000 000 0 eng u
035 ## - SYSTEM CONTROL NUMBER
System control number (Sirsi) u110229
100 ## - MAIN ENTRY--PERSONAL NAME
Personal name Mynors, C
245 ## - TITLE STATEMENT
Title Works to churches
260 ## - PUBLICATION, DISTRIBUTION, ETC.
Date of publication, distribution, etc. 2000
490 ## - SERIES STATEMENT
Series statement Context
Volume/sequential designation (68) December 2000, 26-28(3)
520 ## - SUMMARY, ETC.
Summary, etc. Considers the controls in place to safeguard churches and other ecclesiastical buildings from unsuitable works. Having been in the control of the dioceses for many centuries, concern has been raised over some of the works carried out; the latest in a series of overhauls and changes to the system are the "Faculty Jurisdiction Rules 2000". Looks at the changes made in these rules to the procedure followed by the dioceses and considers that the diocesan advisory committee will have as much, if not more, experience of ancient buildings than the local planning authority should jurisdiction be passed to the local authorities. Indeed the article does consider that with the amount of other expertise available to the dioceses, it would not be practical to pass jurisdiction to the local authorites.
590 ## - LOCAL NOTE (RLIN)
Local note ABS
650 ## - SUBJECT ADDED ENTRY--TOPICAL TERM
Topical term or geographic name entry element ECCLESIASTICAL BUILDINGS
650 ## - SUBJECT ADDED ENTRY--TOPICAL TERM
Topical term or geographic name entry element CONSISTORY COURTS
650 ## - SUBJECT ADDED ENTRY--TOPICAL TERM
Topical term or geographic name entry element DIOCESAN ADVISORY COMMITTEES
650 ## - SUBJECT ADDED ENTRY--TOPICAL TERM
Topical term or geographic name entry element PLANNING CONTROL
690 ## - LOCAL SUBJECT ADDED ENTRY--TOPICAL TERM (OCLC, RLIN)
Topical term or geographic name as entry element ENVIRONMENTAL AND LAND CONSULTANCY-PLANNING AND DEVELOPMENT
942 ## - ADDED ENTRY ELEMENTS (KOHA)
Suppress in OPAC 0
Holdings
Withdrawn status Lost status Source of classification or shelving scheme Damaged status Not for loan Home library Current library Shelving location Date acquired Total Checkouts Full call number Barcode Date last seen Copy number Price effective from Koha item type
    Dewey Decimal Classification     London London Journal article 08/01/2001   ABS63334 110229-1001 06/08/2019 1 06/08/2019 Journal article